000 00704nam a22001817a 4500
003 UA-OsUOA
001 14777
007 ta
008 20031019b un ||||| |||| 00| 0 ukr d
100 _aЯрошевич В.
942 _cSA
040 _aUA-OsUOA
_cUA-OsUOA
_dUA-OsUOA
245 _a"Древлянські джерела" - візитна картка Рівного
_b[Про 4-й молодіж. фест. традиц. культури "Древлянські джерела", що пройшов у Рівному]
300 _aС.2
955 _a0
773 0 _w0
_tНова Волинь
_dРівне
_d2003
_g№36/28 серп./
650 7 _aКраєзнавча робота
_2UDC
999 _c300941
_d300941